[Event "Lovfalds 10th B"]
[Site "Ringsted"]
[Date "1996.09.22"]
[Round "4"]
[White "Jorgensen, Mikkel"]
[Black "Sorensen, Thomas"]
[Result "1-0"]
[WhiteElo "1576"]
[BlackElo "1500"]
[PlyCount "92"]
[EventDate "1996.09.20"]
[EventType "tourn"]
[EventRounds "5"]
[EventCountry "DEN"]
[SourceTitle "EXT 2023"]
[Source "ChessBase"]
[SourceDate "2022.10.05"]
[SourceVersion "1"]
[SourceVersionDate "2022.10.05"]
[SourceQuality "1"]

1. e4 c5 2. Nf3 Nc6 3. d4 cxd4 4. Nxd4 Nf6 5. Nc3 e5 6. Ndb5 d6 7. Bg5 a6 8. Na3 b5 9. Nd5 Be7 10. Bxf6 Bxf6 11. c3 Ne7 12. Nxf6+ gxf6 13. Qf3 Ng6 14. g3 Be6 15. Bg2 Qe7 16. 0-0 h5 17. h4 Rd8 18. Qe3 f5 19. exf5 Bxf5 20. Qb6 Nxh4 21. Bc6+ Kf8 22. Rfd1 e4 23. Kf1 Nf3 24. Nc2 h4 25. Ne3 Bh3+ 26. Ke2 hxg3 27. fxg3 Ne5 28. Bd5 Qg5 29. Bxe4 Bg4+ 30. Nxg4 Qxg4+ 31. Kf1 Rh1+ 32. Bxh1 Qh3+ 33. Bg2 Qf5+ 34. Qf2 Qg5 35. Qf4 Qxf4+ 36. gxf4 Nc4 37. Re1 Nxb2 38. Re3 Nc4 39. Rd3 Nb2 40. Rh3 Kg7 41. Bd5 Na4 42. Kf2 Nb6 43. Bb7 a5 44. Rb1 Rb8 45. Bc6 b4 46. cxb4 Nc4 1-0

[Event "Lovfalds 10th B"]
[Site "Ringsted"]
[Date "1996.09.20"]
[Round "1"]
[White "Bjerring, Tony"]
[Black "Sorensen, Thomas"]
[Result "0-1"]
[WhiteElo "1596"]
[BlackElo "1500"]
[PlyCount "60"]
[EventDate "1996.09.20"]
[EventType "tourn"]
[EventRounds "5"]
[EventCountry "DEN"]
[SourceTitle "EXT 2023"]
[Source "ChessBase"]
[SourceDate "2022.10.05"]
[SourceVersion "1"]
[SourceVersionDate "2022.10.05"]
[SourceQuality "1"]

1. g4 e5 2. c4 Nc6 3. Bg2 d6 4. h3 Nge7 5. Nc3 g6 6. d3 Bg7 7. f4 0-0 8. f5 gxf5 9. Bg5 f6 10. Bh4 Ng6 11. Bd5+ Kh8 12. Bf2 Nf4 13. e4 Nb4 14. exf5 Nbxd3+ 15. Kf1 c6 16. Be6 Bxe6 17. fxe6 Nxf2 18. Kxf2 Qb6+ 19. Ke1 Qe3+ 20. Kf1 f5 21. e7 Rf7 22. Qxd6 fxg4 23. Qd8+ Rxd8 24. exd8Q+ Rf8 25. Qxf8+ Bxf8 26. Re1 Qd3+ 27. Nce2 Bb4 28. Rd1 Qxd1+ 29. Kf2 Be1+ 30. Ke3 Qd3# 0-1